01169cam a22002775a 45000010009000000050017000090080041000260200018000670400069000850820017001541000029001712450136002002600052003363000033003885040051004216500039004726500059005116500036005706500056006066510010006626530023006726550024006959420008007199990017007279520147007441624264220170215110804.0100519t2010 mdua frb 001 0 eng d a9780761852131 aBTCTAbengcBTCTAdYDXCPdBWXdUUSdBHAdCDXdWAUdDLCdEG-ScBUE04222a297bSTE1 aStephanous, Andrea Zaki.10aPolitical Islam, citizenship, and minorities :bthe future of Arab Christians in the Islamic Middle East /cAndrea Zaki Stephanous. aLanham :bUniversity Press of America,cc.2010. avi, 242 p. :bill. ;c23 cm. aIncludes bibliographical references and index. 0aChristianszArab countries.2BUEsh 0aChristiansxPolitical activityzArab countries.2BUEsh 0aChristianszMiddle East.2BUEsh 0aChristiansxPolitical activityzMiddle East.2BUEsh 2BUEsh bGGENcFebruary2017 vReading book934232 2ddc c24160d24132 00102ddc40708BaccahaMAINbMAINcLOWd2017-02-15ePurchaseg580.00l3m25o297 STEp000045476r2025-07-15 00:00:00s2021-11-01v725.00yBB